Bureaucratic blunder world: a behavioural profile of the Indian bureaucracy (Record no. 348046)

000 -LEADER
fixed length control field 00422cam a22001337a 4500
008 - FIXED-LENGTH DATA ELEMENTS--GENERAL INFORMATION
fixed length control field 180718b1984 xxu||||| |||| 00| 0 eng d
082 ## - DEWEY DECIMAL CLASSIFICATION NUMBER
Classification number K18x54 K527b
100 ## - MAIN ENTRY--PERSONAL NAME
Personal name Khanna, K.K.
245 ## - TITLE STATEMENT
Title Bureaucratic blunder world: a behavioural profile of the Indian bureaucracy
Statement of responsibility, etc. by K.K. Khanna
260 ## - PUBLICATION, DISTRIBUTION, ETC.
Place of publication, distribution, etc. Delhi
Name of publisher, distributor, etc. National
Date of publication, distribution, etc. 1984
300 ## - PHYSICAL DESCRIPTION
Extent 175p.
440 ## - SERIES STATEMENT/ADDED ENTRY--TITLE
Title National's Management Series, no.3
650 ## - SUBJECT ADDED ENTRY--TOPICAL TERM
Topical term or geographic name entry element Bureaucracy - India
Holdings
Withdrawn status Lost status Damaged status Not for loan Permanent Location Current Location Date acquired Full call number Barcode Date last seen Price effective from Koha item type
        Indian Institute of Public Administration Indian Institute of Public Administration 2010-01-25 K18x54 K527b 61186 2018-07-21 2018-07-21 Book
        Indian Institute of Public Administration Indian Institute of Public Administration 1993-10-21 K18x54 K527b 60733 2018-07-21 2018-07-21 Book

Powered by Koha